000 00700nam a22002297a 4500
005 20140826155021.0
010 _aENG-110636
020 _c1295.00
_a9789339204969
020 _c1295.00
_a9339204964
035 _aEN-94168
037 _bDBAD/PUB
082 _a629.1346
245 _aAircraft maintenance and repair /
_cby Michael J. Kroes...[et al]
250 _a7th ed
260 _aNew Delhi
_bMcGraw Hill Education
_c2014
270 _aP-24, Green Park Extn.
_bNew Delhi
_e110016
300 _axv,713p. :
_c28cm(pbk)
_bill.
500 _aIncludes index
650 _aAirplanes
_xMaintenance and repair.
700 _aKroes, Michael J.
942 _2ddc
_cEN
_mAIR
_h629.1346
999 _c87816
_d87816